Famous People by Pictures - M - Statistics

General Stats
  • This quiz has been taken 96 times
  • The average score is 8 of 20
Answer Stats
Picture Answer % Correct
Michael Jackson
99%
Michael Jordan
93%
Miley Cyrus
88%
Meryl Streep
79%
Matt Damon
68%
Matthew Perry
60%
Millie Bobby Brown
55%
Megan Fox
49%
Meg Ryan
41%
Meghan Trainor
39%
Madison Beer
26%
Miranda Cosgrove
26%
Mia Farrow
22%
Melanie Martinez
17%
Madeleine Petsch
9%
Mackenzie Ziegler
4%
Mia Talerico
2%
Miguel
2%
Melanie Fiona
1%
Molly Kate Kestner
0%
No matching quizzes found
Score Distribution
Percent of People with Each Score
Percentile by Number Answered
Your Score History
You have not taken this quiz